[Event "WCO 2016"]
[Site "?"]
[Date "2016.09.11"]
[Round "9"]
[Board "11"]
[WhiteID "944335"]
[White "Draskovic Luka"]
[BlackID "12800031"]
[Black "Malisauskas Vidmantas"]
[Result "1/2-1/2"]
[BlackElo "2434"]
[WhiteElo "2448"]
[LiveChessVersion "1.4.8"]

1. e4 {[%clk 1:30:48]} c6 {[%clk 1:30:50]} 2. c4 {[%clk 1:30:17]} d5
{[%clk 1:31:11]} 3. exd5 {[%clk 1:30:23]} cxd5 {[%clk 1:31:32]} 4. cxd5
{[%clk 1:30:48]} Nf6 {[%clk 1:31:53]} 5. Nc3 {[%clk 1:31:13]} Nxd5
{[%clk 1:32:16]} 6. Nf3 {[%clk 1:31:36]} Nc6 {[%clk 1:32:13]} 7. Bb5
{[%clk 1:31:04]} Nxc3 {[%clk 1:31:17]} 8. bxc3 {[%clk 1:27:58]} e6
{[%clk 1:28:01]} 9. O-O {[%clk 1:26:01]} Be7 {[%clk 1:28:25]} 10. d4
{[%clk 1:19:11]} O-O {[%clk 1:28:43]} 11. Qe2 {[%clk 1:18:42]} Bd7
{[%clk 1:28:17]} 12. Bd3 {[%clk 1:15:21]} Re8 {[%clk 1:25:20]} 13. Rb1
{[%clk 1:12:04]} Qc7 {[%clk 1:19:19]} 14. Ng5 {[%clk 0:56:51]} Bxg5
{[%clk 1:13:18]} 15. Bxg5 {[%clk 0:56:36]} e5 {[%clk 1:13:39]} 16. Qh5
{[%clk 0:47:33]} e4 {[%clk 1:03:25]} 17. Bc4 {[%clk 0:46:48]} Bf5
{[%clk 1:02:33]} 18. Be3 {[%clk 0:44:19]} Bg6 {[%clk 0:54:48]} 19. Qb5
{[%clk 0:43:19]} Rac8 {[%clk 0:54:58]} 20. Be2 {[%clk 0:40:02]} b6
{[%clk 0:54:05]} 21. Rfd1 {[%clk 0:33:17]} f5 {[%clk 0:47:13]} 22. d5
{[%clk 0:29:41]} Ne5 {[%clk 0:40:49]} 23. d6 {[%clk 0:18:29]} Qd7
{[%clk 0:41:08]} 24. Rd5 {[%clk 0:09:20]} Nc6 {[%clk 0:40:34]} 25. Rbd1
{[%clk 0:09:42]} h6 {[%clk 0:36:16]} 26. c4 {[%clk 0:07:27]} Rf8 {[%clk 0:36:15]}
27. g3 {[%clk 0:06:39]} Bf7 {[%clk 0:31:56]} 28. Rxf5 {[%clk 0:03:02]} a6
{[%clk 0:28:27]} 29. Rxf7 {[%clk 0:03:17]} Rxf7 {[%clk 0:28:24]} 30. Qxb6
{[%clk 0:02:38]} Ne5 {[%clk 0:28:43]} 31. c5 {[%clk 0:01:44]} Qh3
{[%clk 0:27:38]} 32. Qxa6 {[%clk 0:00:50]} Rc6 {[%clk 0:26:10]} 33. Qb5
{[%clk 0:00:36]} Rb7 {[%clk 0:26:20]} 34. d7 {[%clk 0:00:35]} Rxb5
{[%clk 0:26:22]} 35. d8=Q+ {[%clk 0:00:55]} Kh7 {[%clk 0:26:37]} 36. Qd5
{[%clk 0:00:33]} Nf3+ {[%clk 0:22:28]} 37. Bxf3 {[%clk 0:01:00]} exf3
{[%clk 0:22:48]} 38. Qxf3 {[%clk 0:01:24]} Qe6 {[%clk 0:23:03]} 39. a4
{[%clk 0:00:44]} Ra5 {[%clk 0:22:31]} 40. Qf4 {[%clk 0:31:01]} Rca6
{[%clk 0:48:50]} 41. Rd4 {[%clk 0:15:55]} Qf6 {[%clk 0:48:52]} 42. Qxf6
{[%clk 0:14:22]} gxf6 {[%clk 0:49:02]} 43. Rd5 {[%clk 0:05:55]} Kg6
{[%clk 0:48:57]} 44. g4 {[%clk 0:06:08]} Rxa4 {[%clk 0:48:48]} 45. h3
{[%clk 0:06:33]} Re6 {[%clk 0:47:43]} 46. Rh5 {[%clk 0:06:36]} Re5
{[%clk 0:47:26]} 47. Rxh6+ {[%clk 0:05:23]} Kg7 {[%clk 0:47:46]} 48. Rh4
{[%clk 0:05:01]} Ra2 {[%clk 0:39:51]} 49. g5 {[%clk 0:01:09]} fxg5
{[%clk 0:40:12]} 50. Rg4 {[%clk 0:01:36]} Kf7 {[%clk 0:38:54]} 51. Rxg5
{[%clk 0:01:37]} Rxg5+ {[%clk 0:39:16]} 52. Bxg5 {[%clk 0:02:03]} Rc2
{[%clk 0:39:24]} 53. Be3 {[%clk 0:02:30]} Kg6 {[%clk 0:39:27]} 54. Kg2
{[%clk 0:02:50]} Rc4 {[%clk 0:39:01]} 55. Kg3 {[%clk 0:02:16]} Kf5
{[%clk 0:39:12]} 56. Kf3 {[%clk 0:01:59]} Rh4 {[%clk 0:39:32]} 57. Kg3
{[%clk 0:01:17]} Rc4 {[%clk 0:39:50]} 58. h4 {[%clk 0:01:10]} Rg4+
{[%clk 0:39:47]} 59. Kh3 {[%clk 0:01:32]} Rg1 {[%clk 0:39:25]} 60. c6
{[%clk 0:00:53]} Rg6 {[%clk 0:39:47]} 61. c7 {[%clk 0:01:16]} Rc6
{[%clk 0:40:11]} 62. Bb6 {[%clk 0:01:39]} Ke6 {[%clk 0:40:36]} 63. Kg4
{[%clk 0:00:39]} Kd7 {[%clk 0:40:57]} 64. Be3 {[%clk 0:00:41]} Rxc7
{[%clk 0:41:13]} 65. Kg5 {[%clk 0:00:44]} Ke8 {[%clk 0:38:24]} 66. h5
{[%clk 0:00:54]} Kf7 {[%clk 0:38:09]} 67. h6 {[%clk 0:00:47]} Rc6
{[%clk 0:38:02]} 68. Bd4 {[%clk 0:00:44]} Rg6+ {[%clk 0:38:19]} 69. Kh5
{[%clk 0:01:00]} Rg2 {[%clk 0:38:32]} 70. f4 {[%clk 0:00:42]} Rh2+
{[%clk 0:38:52]} 71. Kg5 {[%clk 0:01:09]} Rg2+ {[%clk 0:39:12]} 72. Kh5
{[%clk 0:01:23]} Rh2+ 1/2-1/2

[Event "WCO 2016"]
[Site "?"]
[Date "2016.09.11"]
[Round "9"]
[Board "12"]
[WhiteID "12809390"]
[White "Pultinevicius Paulius"]
[BlackID "921815"]
[Black "Kalezic Blazo"]
[Result "1/2-1/2"]
[BlackElo "2457"]
[WhiteElo "2351"]
[LiveChessVersion "1.4.8"]

1. Nf3 {[%clk 1:30:57]} d5 {[%clk 1:30:29]} 2. d4 {[%clk 1:31:23]} Nf6
{[%clk 1:30:26]} 3. c4 {[%clk 1:31:47]} c6 {[%clk 1:30:46]} 4. Qc2
{[%clk 1:32:11]} dxc4 {[%clk 1:26:12]} 5. Qxc4 {[%clk 1:32:35]} b5
{[%clk 1:25:49]} 6. Qc2 {[%clk 1:32:51]} Bb7 {[%clk 1:25:07]} 7. e4
{[%clk 1:32:08]} e6 {[%clk 1:24:32]} 8. Bd3 {[%clk 1:32:03]} Nbd7
{[%clk 1:19:29]} 9. O-O {[%clk 1:30:01]} h6 {[%clk 1:16:07]} 10. Nbd2
{[%clk 1:28:30]} Rc8 {[%clk 1:06:59]} 11. a4 {[%clk 1:27:25]} Be7
{[%clk 0:59:55]} 12. axb5 {[%clk 1:21:51]} cxb5 {[%clk 1:00:09]} 13. Qb1
{[%clk 1:22:15]} a6 {[%clk 0:57:51]} 14. Nb3 {[%clk 1:22:02]} Nb6
{[%clk 0:55:07]} 15. Rd1 {[%clk 1:14:46]} O-O {[%clk 0:51:53]} 16. Na5
{[%clk 1:10:51]} Ba8 {[%clk 0:52:12]} 17. Bd2 {[%clk 1:07:28]} Nc4
{[%clk 0:48:31]} 18. Nxc4 {[%clk 1:07:17]} bxc4 {[%clk 0:48:41]} 19. Bc2
{[%clk 1:07:24]} Qb6 {[%clk 0:45:51]} 20. Bc3 {[%clk 1:07:01]} Bb7
{[%clk 0:44:32]} 21. Ne5 {[%clk 1:01:47]} Bb4 {[%clk 0:42:46]} 22. f3
{[%clk 1:01:33]} Rc7 {[%clk 0:38:41]} 23. Ra4 {[%clk 0:53:24]} a5
{[%clk 0:38:10]} 24. Kh1 {[%clk 0:42:54]} Nd7 {[%clk 0:33:54]} 25. Ng4
{[%clk 0:42:12]} Qb5 {[%clk 0:33:23]} 26. Qc1 {[%clk 0:41:15]} f5
{[%clk 0:29:55]} 27. exf5 {[%clk 0:35:16]} exf5 {[%clk 0:30:03]} 28. Ne3
{[%clk 0:30:03]} Nb6 {[%clk 0:25:54]} 29. Ra1 {[%clk 0:30:28]} Re7
{[%clk 0:21:42]} 30. d5 {[%clk 0:28:13]} Ref7 {[%clk 0:20:38]} 31. d6
{[%clk 0:14:50]} h5 {[%clk 0:15:25]} 32. Bb1 {[%clk 0:14:15]} Rd7
{[%clk 0:08:23]} 33. Rd4 {[%clk 0:12:58]} Kh7 {[%clk 0:06:21]} 34. Bxb4
{[%clk 0:10:14]} axb4 {[%clk 0:06:11]} 35. Qd1 {[%clk 0:05:17]} g6
{[%clk 0:06:18]} 36. b3 {[%clk 0:04:01]} cxb3 {[%clk 0:05:25]} 37. Qxb3
{[%clk 0:02:25]} 1/2-1/2

[Event "WCO 2016"]
[Site "?"]
[Date "2016.09.11"]
[Round "9"]
[Board "13"]
[WhiteID "1202758"]
[White "Nisipeanu Liviu-Dieter"]
[BlackID "503142"]
[Black "Nyback Tomi"]
[Result "1/2-1/2"]
[BlackElo "2580"]
[WhiteElo "2687"]
[LiveChessVersion "1.4.8"]

1. e4 {[%clk 1:30:56]} e5 {[%clk 1:30:55]} 2. Nf3 {[%clk 1:31:22]} Nc6
{[%clk 1:31:20]} 3. Bb5 {[%clk 1:31:48]} a6 {[%clk 1:31:44]} 4. Ba4
{[%clk 1:32:14]} Nf6 {[%clk 1:32:07]} 5. O-O {[%clk 1:32:39]} Be7
{[%clk 1:32:31]} 6. Re1 {[%clk 1:33:06]} b5 {[%clk 1:32:54]} 7. Bb3
{[%clk 1:33:33]} O-O {[%clk 1:33:15]} 8. c3 {[%clk 1:33:57]} d5 {[%clk 1:33:37]}
9. exd5 {[%clk 1:34:12]} Nxd5 {[%clk 1:34:00]} 10. Nxe5 {[%clk 1:34:37]} Nxe5
{[%clk 1:34:22]} 11. Rxe5 {[%clk 1:35:02]} c6 {[%clk 1:34:44]} 12. d3
{[%clk 1:35:26]} Bd6 {[%clk 1:35:03]} 13. Re1 {[%clk 1:35:50]} Bf5
{[%clk 1:35:27]} 14. Qf3 {[%clk 1:35:48]} Bg6 {[%clk 1:27:26]} 15. Bxd5
{[%clk 1:32:01]} cxd5 {[%clk 1:27:36]} 16. Bf4 {[%clk 1:32:28]} d4
{[%clk 1:27:27]} 17. cxd4 {[%clk 1:32:30]} Bb4 {[%clk 1:27:43]} 18. Nc3
{[%clk 1:32:49]} Qxd4 {[%clk 1:27:49]} 19. Be5 {[%clk 1:30:39]} Qxd3
{[%clk 1:18:07]} 20. Re3 {[%clk 1:29:07]} Qc4 {[%clk 1:18:01]} 21. Nd5
{[%clk 0:43:42]} Rad8 {[%clk 1:17:51]} 22. Rd1 {[%clk 0:27:59]} f6
{[%clk 0:39:53]} 23. Bc7 {[%clk 0:20:02]} Rde8 {[%clk 0:36:45]} 24. b3
{[%clk 0:10:06]} Qc2 {[%clk 0:19:00]} 25. Nxb4 {[%clk 0:09:43]} Qxc7
{[%clk 0:19:16]} 26. Nxa6 {[%clk 0:09:43]} Qa5 {[%clk 0:19:24]} 27. Nc5
{[%clk 0:05:16]} Rxe3 {[%clk 0:18:07]} 28. Qxe3 {[%clk 0:04:29]} Re8
{[%clk 0:18:08]} 29. Qc1 {[%clk 0:02:53]} Qxa2 {[%clk 0:18:13]} 30. h3
{[%clk 0:02:09]} h5 {[%clk 0:15:51]} 31. Re1 {[%clk 0:02:08]} 1/2-1/2

[Event "WCO 2016"]
[Site "?"]
[Date "2016.09.11"]
[Round "9"]
[Board "14"]
[WhiteID "502081"]
[White "Karttunen Mika"]
[BlackID "4675789"]
[Black "Meier Georg"]
[Result "1/2-1/2"]
[BlackElo "2654"]
[WhiteElo "2458"]
[LiveChessVersion "1.4.8"]

1. e4 {[%clk 1:30:57]} e6 {[%clk 1:30:26]} 2. d4 {[%clk 1:31:18]} d5
{[%clk 1:30:50]} 3. e5 {[%clk 1:31:35]} c5 {[%clk 1:31:11]} 4. c3
{[%clk 1:31:51]} Nc6 {[%clk 1:31:35]} 5. Nf3 {[%clk 1:32:01]} Qb6
{[%clk 1:31:53]} 6. a3 {[%clk 1:32:15]} c4 {[%clk 1:30:10]} 7. Nbd2
{[%clk 1:32:20]} Na5 {[%clk 1:30:31]} 8. g3 {[%clk 1:32:36]} Bd7 {[%clk 1:30:48]}
9. Bg2 {[%clk 1:32:55]} Ne7 {[%clk 1:30:40]} 10. O-O {[%clk 1:32:24]} Qc7
{[%clk 1:30:40]} 11. Ne1 {[%clk 1:28:04]} O-O-O {[%clk 1:22:23]} 12. Qf3
{[%clk 1:11:21]} Be8 {[%clk 1:18:22]} 13. Nc2 {[%clk 1:07:28]} Ng6
{[%clk 1:12:01]} 14. Ne3 {[%clk 1:00:58]} Kb8 {[%clk 1:11:45]} 15. Qe2
{[%clk 0:49:36]} f5 {[%clk 1:10:28]} 16. f4 {[%clk 0:40:57]} Ne7 {[%clk 1:07:20]}
17. g4 {[%clk 0:23:28]} Bg6 {[%clk 1:03:04]} 18. g5 {[%clk 0:23:24]} h6
{[%clk 1:02:31]} 19. h4 {[%clk 0:22:18]} hxg5 {[%clk 1:02:29]} 20. hxg5
{[%clk 0:22:45]} Bh5 {[%clk 1:02:15]} 21. Qf2 {[%clk 0:20:52]} Nc8
{[%clk 0:59:10]} 22. Re1 {[%clk 0:13:49]} Nb6 {[%clk 0:56:59]} 23. Ndf1
{[%clk 0:13:42]} Be7 {[%clk 0:55:31]} 24. Ng3 {[%clk 0:13:32]} Nb3
{[%clk 0:55:24]} 25. Rb1 {[%clk 0:13:49]} Bg6 {[%clk 0:55:30]} 26. Nc2
{[%clk 0:13:56]} Rh4 {[%clk 0:51:01]} 27. Ne2 {[%clk 0:09:47]} Rdh8
{[%clk 0:49:59]} 28. Be3 {[%clk 0:09:34]} Qd8 {[%clk 0:49:06]} 29. Na1
{[%clk 0:03:18]} R8h7 {[%clk 0:42:56]} 30. Kf1 {[%clk 0:02:21]} Qh8
{[%clk 0:33:38]} 31. Nc2 {[%clk 0:02:16]} Rg4 {[%clk 0:28:32]} 32. Red1
{[%clk 0:02:21]} Rh1+ {[%clk 0:24:49]} 33. Ng1 {[%clk 0:01:53]} Rxg2
{[%clk 0:24:19]} 34. Qxg2 {[%clk 0:02:20]} Rh2 {[%clk 0:24:29]} 35. Nf3
{[%clk 0:02:13]} Rxg2 {[%clk 0:24:26]} 36. Kxg2 {[%clk 0:02:40]} Bh5
{[%clk 0:19:39]} 37. Rh1 {[%clk 0:03:02]} Qe8 {[%clk 0:19:39]} 38. Kf2
{[%clk 0:02:41]} Kc7 {[%clk 0:14:39]} 39. Nce1 {[%clk 0:01:31]} Na4
{[%clk 0:13:57]} 40. Nc2 {[%clk 0:31:40]} Na5 {[%clk 0:43:44]} 41. Rh2
{[%clk 0:21:26]} Nc6 {[%clk 0:40:51]} 42. Nh4 {[%clk 0:20:10]} Bf8
{[%clk 0:40:07]} 43. Kg3 {[%clk 0:20:10]} Ne7 {[%clk 0:40:06]} 44. Bd2
{[%clk 0:18:04]} Qb5 {[%clk 0:33:59]} 45. Na1 {[%clk 0:18:15]} Bg4
{[%clk 0:34:04]} 46. Nf3 {[%clk 0:18:05]} Kd8 {[%clk 0:33:56]} 47. Rhh1
{[%clk 0:17:43]} Ke8 {[%clk 0:34:13]} 48. Rhe1 {[%clk 0:17:18]} Ng6
{[%clk 0:33:27]} 49. Nh2 {[%clk 0:17:02]} Bh5 {[%clk 0:33:05]} 50. Nf1
{[%clk 0:17:20]} Be7 {[%clk 0:33:12]} 51. Nh2 {[%clk 0:17:05]} Qa6
{[%clk 0:31:44]} 52. Nc2 {[%clk 0:17:17]} Qb6 {[%clk 0:32:02]} 53. Na1
{[%clk 0:16:12]} Kf7 {[%clk 0:32:23]} 54. Nf3 {[%clk 0:16:13]} Kg8
{[%clk 0:32:00]} 55. Rh1 {[%clk 0:16:26]} Bg4 {[%clk 0:32:09]} 56. Rhf1
{[%clk 0:15:44]} Bh5 {[%clk 0:31:11]} 57. Rh1 {[%clk 0:15:56]} Bxf3
{[%clk 0:31:12]} 58. Kxf3 {[%clk 0:16:20]} Nxb2 {[%clk 0:31:09]} 59. a4
{[%clk 0:06:34]} Ba3 {[%clk 0:31:06]} 60. Rh2 {[%clk 0:05:05]} Qa5
{[%clk 0:30:50]} 61. Nc2 {[%clk 0:04:55]} Qxa4 {[%clk 0:30:55]} 62. Be3
{[%clk 0:04:47]} Qb3 {[%clk 0:26:50]} 63. Nxa3 {[%clk 0:04:54]} Qxa3
{[%clk 0:27:00]} 64. Rbxb2 {[%clk 0:03:54]} b6 {[%clk 0:16:23]} 65. Rhc2
{[%clk 0:04:12]} Qe7 {[%clk 0:15:08]} 66. Bc1 {[%clk 0:03:46]} Qe8
{[%clk 0:14:32]} 67. Kg3 {[%clk 0:04:11]} Ne7 {[%clk 0:14:26]} 68. Rh2
{[%clk 0:04:35]} Nc6 {[%clk 0:10:40]} 69. Ra2 {[%clk 0:03:25]} b5
{[%clk 0:10:06]} 70. Ba3 {[%clk 0:03:48]} a5 {[%clk 0:10:24]} 71. Bc5
{[%clk 0:04:15]} b4 {[%clk 0:10:22]} 72. cxb4 {[%clk 0:04:41]} axb4
{[%clk 0:10:36]} 73. Kf3 {[%clk 0:03:17]} b3 {[%clk 0:04:38]} 74. Ra1
{[%clk 0:03:30]} Kf7 {[%clk 0:04:37]} 75. g6+ {[%clk 0:03:08]} Kxg6
{[%clk 0:05:05]} 76. Ke3 {[%clk 0:02:51]} Kf7 {[%clk 0:04:29]} 77. Rg1
{[%clk 0:03:11]} Qg8 {[%clk 0:02:49]} 78. Kd2 {[%clk 0:03:28]} Ne7
{[%clk 0:00:42]} 79. Rhg2 {[%clk 0:02:26]} Nc6 {[%clk 0:00:40]} 80. Kc3
{[%clk 0:01:51]} g6 {[%clk 0:00:59]} 81. Rh2 {[%clk 0:01:33]} Qa8
{[%clk 0:00:55]} 82. Rgh1 {[%clk 0:01:58]} Qa5+ {[%clk 0:00:37]} 83. Kb2
{[%clk 0:02:25]} Qa2+ {[%clk 0:00:37]} 84. Kc3 {[%clk 0:02:53]} Qa5+
{[%clk 0:00:42]} 85. Kb2 {[%clk 0:03:20]} Qa2+ {[%clk 0:00:36]} 86. Kc3
{[%clk 0:03:46]} Qa5+ {[%clk 0:00:39]} 1/2-1/2

[Event "WCO 2016"]
[Site "?"]
[Date "2016.09.11"]
[Round "9"]
[Board "15"]
[WhiteID "4651340"]
[White "Buhmann Rainer"]
[BlackID "505170"]
[Black "Ebeling Daniel"]
[Result "1-0"]
[BlackElo "2468"]
[WhiteElo "2640"]
[LiveChessVersion "1.4.8"]

1. d4 {[%clk 1:30:55]} Nf6 {[%clk 1:30:57]} 2. c4 {[%clk 1:31:14]} e6
{[%clk 1:31:22]} 3. Nf3 {[%clk 1:31:32]} Bb4+ {[%clk 1:31:47]} 4. Bd2
{[%clk 1:31:38]} a5 {[%clk 1:32:06]} 5. a3 {[%clk 1:28:56]} Bxd2+
{[%clk 1:32:05]} 6. Nbxd2 {[%clk 1:29:18]} O-O {[%clk 1:16:37]} 7. e4
{[%clk 1:24:43]} d6 {[%clk 1:16:40]} 8. Qc2 {[%clk 1:15:14]} Nfd7
{[%clk 1:01:59]} 9. Be2 {[%clk 0:48:27]} e5 {[%clk 0:57:53]} 10. O-O
{[%clk 0:45:28]} a4 {[%clk 0:51:49]} 11. c5 {[%clk 0:33:12]} dxc5
{[%clk 0:51:23]} 12. d5 {[%clk 0:26:23]} Qe7 {[%clk 0:40:38]} 13. Rfd1
{[%clk 0:20:07]} Nf6 {[%clk 0:33:03]} 14. Rac1 {[%clk 0:16:21]} b6
{[%clk 0:31:01]} 15. Nc4 {[%clk 0:15:58]} Bg4 {[%clk 0:28:47]} 16. Nh4
{[%clk 0:10:41]} Nfd7 {[%clk 0:10:53]} 17. g3 {[%clk 0:09:17]} Qg5
{[%clk 0:06:56]} 18. Bxg4 {[%clk 0:08:34]} Qxg4 {[%clk 0:07:24]} 19. Nf5
{[%clk 0:08:16]} b5 {[%clk 0:06:33]} 20. Nce3 {[%clk 0:08:01]} Qf3
{[%clk 0:06:18]} 21. Re1 {[%clk 0:02:53]} c4 {[%clk 0:05:53]} 22. Ng2
{[%clk 0:01:18]} Nc5 {[%clk 0:03:27]} 23. Re3 {[%clk 0:01:32]} Qg4
{[%clk 0:03:50]} 24. f4 {[%clk 0:01:30]} Kh8 {[%clk 0:01:25]} 25. h3
{[%clk 0:01:08]} Qg6 {[%clk 0:01:54]} 26. fxe5 {[%clk 0:00:55]} Nbd7
{[%clk 0:02:22]} 27. Qc3 {[%clk 0:00:49]} Rae8 {[%clk 0:02:49]} 28. Nf4
{[%clk 0:00:48]} Qg5 {[%clk 0:03:01]} 29. h4 {[%clk 0:00:43]} Qg4
{[%clk 0:02:59]} 30. e6 {[%clk 0:00:54]} Nxe4 {[%clk 0:01:34]} 31. exd7
{[%clk 0:00:45]} Rd8 {[%clk 0:00:45]} 32. Rxe4 {[%clk 0:00:53]} Qxf5
{[%clk 0:01:11]} 33. Rce1 {[%clk 0:01:01]} Qxd7 {[%clk 0:01:32]} 34. Re7
{[%clk 0:01:09]} Qg4 {[%clk 0:00:41]} 35. Rxc7 {[%clk 0:01:11]} h6
{[%clk 0:00:32]} 36. Kf2 {[%clk 0:01:06]} Qf5 {[%clk 0:00:54]} 37. Qe5
{[%clk 0:01:04]} Qc2+ {[%clk 0:00:33]} 38. Re2 {[%clk 0:01:17]} Qd1
{[%clk 0:00:54]} 39. Re7 {[%clk 0:01:26]} b4 {[%clk 0:00:33]} 40. axb4
{[%clk 0:31:28]} Qh1 {[%clk 0:30:32]} 41. b5 {[%clk 0:26:11]} c3 {[%clk 0:29:20]}
42. bxc3 {[%clk 0:17:55]} a3 {[%clk 0:29:44]} 43. Re1 {[%clk 0:16:58]} Qh2+
{[%clk 0:29:37]} 44. Ng2 {[%clk 0:17:23]} Qh3 {[%clk 0:27:36]} 45. b6
{[%clk 0:14:55]} Qc8 {[%clk 0:20:00]} 46. b7 {[%clk 0:09:09]} Qc4
{[%clk 0:16:01]} 47. Qd4 {[%clk 0:07:37]} Qa2+ {[%clk 0:15:26]} 48. Kg1
{[%clk 0:06:15]} Qb2 {[%clk 0:15:45]} 49. Qb4 {[%clk 0:05:05]} Qd2
{[%clk 0:11:21]} 50. Qxa3 {[%clk 0:04:32]} Qxd5 {[%clk 0:11:35]} 51. Qb4
{[%clk 0:04:37]} Qa2 {[%clk 0:10:06]} 52. Qe4 {[%clk 0:03:59]} Kg8
{[%clk 0:07:48]} 53. Nf4 {[%clk 0:03:57]} Qa7+ {[%clk 0:06:07]} 54. Qe3
{[%clk 0:03:34]} Qa6 {[%clk 0:05:38]} 55. Qc5 {[%clk 0:03:20]} Qf6
{[%clk 0:05:25]} 56. Rc7 {[%clk 0:02:44]} Qa6 {[%clk 0:04:55]} 57. c4
{[%clk 0:02:55]} Rb8 {[%clk 0:04:44]} 58. Ree7 {[%clk 0:02:11]} Qa1+
{[%clk 0:04:46]} 59. Kh2 {[%clk 0:02:22]} Qa2+ {[%clk 0:02:53]} 60. Ng2
{[%clk 0:02:42]} Qa6 {[%clk 0:03:20]} 61. Qd5 {[%clk 0:02:37]} Qg6
{[%clk 0:02:39]} 62. c5 {[%clk 0:02:49]} Qf6 {[%clk 0:01:51]} 63. c6
{[%clk 0:02:59]} Rbd8 {[%clk 0:02:15]} 64. Red7 {[%clk 0:02:23]} Rde8
{[%clk 0:02:41]} 65. Rxf7 {[%clk 0:02:20]} Rxf7 {[%clk 0:03:07]} 66. Rxf7
{[%clk 0:02:41]} Qxf7 {[%clk 0:03:24]} 67. Qxf7+ {[%clk 0:03:05]} Kxf7
{[%clk 0:03:51]} 68. c7 {[%clk 0:03:24]} 1-0

[Event "WCO 2016"]
[Site "?"]
[Date "2016.09.11"]
[Round "9"]
[Board "16"]
[WhiteID "501808"]
[White "Luukkonen Tommi"]
[BlackID "11600454"]
[Black "Fridman Daniel"]
[Result "0-1"]
[BlackElo "2618"]
[WhiteElo "2354"]
[LiveChessVersion "1.4.8"]

1. c4 {[%clk 1:30:58]} Nf6 {[%clk 1:30:52]} 2. g3 {[%clk 1:31:08]} c6
{[%clk 1:25:30]} 3. Bg2 {[%clk 1:30:52]} d5 {[%clk 1:25:53]} 4. Nf3
{[%clk 1:31:12]} Bg4 {[%clk 1:25:35]} 5. Ne5 {[%clk 1:31:29]} Be6
{[%clk 1:25:53]} 6. cxd5 {[%clk 1:31:44]} Bxd5 {[%clk 1:26:16]} 7. Nf3
{[%clk 1:32:10]} c5 {[%clk 1:25:28]} 8. O-O {[%clk 1:31:21]} e6 {[%clk 1:25:25]}
9. Nc3 {[%clk 1:28:09]} Bc6 {[%clk 1:25:17]} 10. d3 {[%clk 1:26:14]} Nbd7
{[%clk 1:24:09]} 11. e4 {[%clk 1:25:34]} Be7 {[%clk 1:10:14]} 12. Qe2
{[%clk 1:24:17]} e5 {[%clk 1:00:41]} 13. Nh4 {[%clk 1:24:09]} g6 {[%clk 0:46:27]}
14. Bh6 {[%clk 1:20:04]} Nh5 {[%clk 0:45:03]} 15. Nf5 {[%clk 1:18:50]} Bf8
{[%clk 0:45:02]} 16. f4 {[%clk 1:15:18]} exf4 {[%clk 0:34:42]} 17. b4
{[%clk 0:45:07]} gxf5 {[%clk 0:19:04]} 18. Bxf8 {[%clk 0:43:08]} Kxf8
{[%clk 0:15:05]} 19. Qxh5 {[%clk 0:41:01]} cxb4 {[%clk 0:15:27]} 20. Ne2
{[%clk 0:37:57]} h6 {[%clk 0:14:43]} 21. Qxf5 {[%clk 0:35:48]} Qg5
{[%clk 0:14:34]} 22. Qh3 {[%clk 0:29:16]} fxg3 {[%clk 0:08:05]} 23. Kh1
{[%clk 0:29:30]} Ne5 {[%clk 0:07:37]} 24. d4 {[%clk 0:21:47]} Bd7
{[%clk 0:07:11]} 25. Qxg3 {[%clk 0:21:45]} Qxg3 {[%clk 0:07:21]} 26. Nxg3
{[%clk 0:21:42]} Nc6 {[%clk 0:06:58]} 27. d5 {[%clk 0:17:00]} Ne5
{[%clk 0:07:20]} 28. d6 {[%clk 0:17:23]} h5 {[%clk 0:05:27]} 29. h3
{[%clk 0:13:13]} Rh6 {[%clk 0:04:58]} 30. Rad1 {[%clk 0:12:06]} Be6
{[%clk 0:04:32]} 31. Nf5 {[%clk 0:11:07]} Rf6 {[%clk 0:04:47]} 32. Rd2
{[%clk 0:09:37]} Rd8 {[%clk 0:04:26]} 33. Rfd1 {[%clk 0:08:22]} Bxf5
{[%clk 0:03:44]} 34. exf5 {[%clk 0:08:07]} Nc4 {[%clk 0:04:00]} 35. Re2
{[%clk 0:06:16]} Rfxd6 {[%clk 0:03:31]} 36. Rxd6 {[%clk 0:06:33]} Nxd6
{[%clk 0:03:01]} 37. f6 {[%clk 0:06:53]} Re8 {[%clk 0:02:31]} 38. Rf2
{[%clk 0:06:21]} Re5 {[%clk 0:02:22]} 39. Kh2 {[%clk 0:05:53]} Ke8
{[%clk 0:01:42]} 40. h4 {[%clk 0:35:52]} Kd7 {[%clk 0:31:07]} 41. Bh3+
{[%clk 0:32:44]} Kc6 {[%clk 0:30:42]} 42. Rc2+ {[%clk 0:31:25]} Kb6
{[%clk 0:29:33]} 43. Rd2 {[%clk 0:31:27]} Kc5 {[%clk 0:28:03]} 44. Rc2+
{[%clk 0:31:12]} Nc4 {[%clk 0:27:51]} 45. Rg2 {[%clk 0:30:01]} a5
{[%clk 0:27:20]} 46. Rg5 {[%clk 0:28:08]} Kd4 {[%clk 0:27:32]} 47. Bg2
{[%clk 0:27:53]} a4 {[%clk 0:26:51]} 0-1

[Event "WCO 2016"]
[Site "?"]
[Date "2016.09.11"]
[Round "9"]
[Board "13"]
[WhiteID "112275"]
[White "Mareco Sandro"]
[BlackID "5201268"]
[Black "Sadorra Julio Catalino"]
[Result "0-1"]
[BlackElo "2560"]
[WhiteElo "2606"]
[LiveChessVersion "1.4.8"]

1. Nf3 {[%clk 1:30:57]} d5 {[%clk 1:30:29]} 2. c4 {[%clk 1:31:19]} e6
{[%clk 1:30:50]} 3. b3 {[%clk 1:31:06]} Nf6 {[%clk 1:31:05]} 4. g3
{[%clk 1:31:32]} a5 {[%clk 1:30:46]} 5. Nc3 {[%clk 1:31:39]} Be7 {[%clk 1:29:44]}
6. Bg2 {[%clk 1:31:57]} O-O {[%clk 1:30:07]} 7. O-O {[%clk 1:32:20]} c6
{[%clk 1:30:18]} 8. Bb2 {[%clk 1:32:47]} b6 {[%clk 1:30:09]} 9. Rc1
{[%clk 1:32:45]} Ba6 {[%clk 1:28:55]} 10. d3 {[%clk 1:33:06]} Nbd7
{[%clk 1:28:55]} 11. Nd4 {[%clk 1:25:38]} Rc8 {[%clk 1:24:34]} 12. e3
{[%clk 1:19:12]} Re8 {[%clk 1:17:20]} 13. f4 {[%clk 1:13:02]} Bf8
{[%clk 1:11:34]} 14. Qd2 {[%clk 1:06:57]} e5 {[%clk 1:04:59]} 15. Nf3
{[%clk 0:52:00]} exf4 {[%clk 0:46:22]} 16. gxf4 {[%clk 0:51:49]} Bc5
{[%clk 0:42:25]} 17. Nd1 {[%clk 0:46:23]} Ng4 {[%clk 0:35:01]} 18. Re1
{[%clk 0:43:00]} Qe7 {[%clk 0:31:49]} 19. h3 {[%clk 0:41:00]} Nh6
{[%clk 0:29:19]} 20. Nd4 {[%clk 0:40:09]} Bxd4 {[%clk 0:26:38]} 21. Bxd4
{[%clk 0:40:28]} Nf5 {[%clk 0:27:06]} 22. Bc3 {[%clk 0:40:48]} Nc5
{[%clk 0:25:38]} 23. Nf2 {[%clk 0:38:02]} Rcd8 {[%clk 0:18:44]} 24. cxd5
{[%clk 0:36:53]} cxd5 {[%clk 0:19:09]} 25. Be5 {[%clk 0:37:18]} Qe6
{[%clk 0:15:56]} 26. d4 {[%clk 0:23:03]} Nd7 {[%clk 0:15:19]} 27. Kh2
{[%clk 0:23:15]} Qg6 {[%clk 0:14:17]} 28. Nh1 {[%clk 0:23:12]} Nf6
{[%clk 0:11:39]} 29. Bf3 {[%clk 0:16:05]} Ne4 {[%clk 0:10:44]} 30. Bxe4
{[%clk 0:10:59]} dxe4 {[%clk 0:11:13]} 31. Qf2 {[%clk 0:11:21]} f6
{[%clk 0:05:35]} 32. Rg1 {[%clk 0:08:20]} Qh6 {[%clk 0:05:36]} 33. Bc7
{[%clk 0:08:43]} Rd7 {[%clk 0:05:44]} 34. Bxb6 {[%clk 0:09:04]} Nh4
{[%clk 0:05:56]} 35. Rg3 {[%clk 0:07:30]} Nf3+ {[%clk 0:04:58]} 36. Kg2
{[%clk 0:07:56]} Nh4+ {[%clk 0:04:56]} 37. Kh2 {[%clk 0:08:20]} Nf3+
{[%clk 0:05:22]} 38. Kg2 {[%clk 0:08:46]} Bb7 {[%clk 0:02:51]} 39. Qe2
{[%clk 0:09:04]} Nh4+ {[%clk 0:01:57]} 40. Kf2 f5 {[%clk 0:31:08]} 41. Qb5
{[%clk 0:35:17]} Qe6 {[%clk 0:27:09]} 42. Rc5 {[%clk 0:34:26]} Nf3
{[%clk 0:25:43]} 43. Bxa5 {[%clk 0:21:32]} Bd5 {[%clk 0:12:15]} 44. Qb4
{[%clk 0:15:06]} Kh8 {[%clk 0:11:46]} 45. h4 {[%clk 0:12:07]} Nxh4
{[%clk 0:10:48]} 46. Rh3 {[%clk 0:12:12]} g5 {[%clk 0:10:54]} 47. Bc7
{[%clk 0:12:27]} Ng6 {[%clk 0:10:41]} 48. Rh6 {[%clk 0:11:04]} Ra8
{[%clk 0:06:38]} 49. Ng3 {[%clk 0:09:38]} gxf4 {[%clk 0:06:55]} 50. Bxf4
{[%clk 0:10:03]} Nxf4 {[%clk 0:07:10]} 0-1